000
00303nam a22001097a 4500
020
_a
9789251059081
040
_c
SP
110
_a
FAO
245
_a
Wild birds and avian influenza : an introduction to applied field research and disease sampling techniques
260
_a
Phil Harris
_b
FAO
_c
2007
942
_c
EK
999
_c
8358
_d
8358